[Event "Landsturneringen 2009, Senior A"]
[Site "Bergen"]
[Date "2009.07.09"]
[Round "6"]
[White "Ulrichsen, Jarl H"]
[Black "Kjølberg, Lars"]
[Result "1/2-1/2"]
[WhiteElo "2154"]
[BlackElo "2052"]
[PlyCount "28"]
[EventDate "2009.07.??"]
[EventType "swiss"]
[EventRounds "9"]
[EventCountry "NOR"]
[SourceDate "2009.07.06"]

1. d4 e6 2. Nf3 f5 3. Bg5 Be7 4. Bxe7 Qxe7 5. Nc3 Nf6 6. e3 b6 7. Bc4 Bb7 8.
O-O d5 9. Bb5+ c6 10. Bd3 O-O 11. Ne5 c5 12. a3 Ba6 13. Bxa6 Nxa6 14. Ne2 Rac8
1/2-1/2

[Event "Landsturneringen 2009, Senior A"]
[Site "Bergen"]
[Date "2009.07.10"]
[Round "7"]
[White "Bjørgvik, Jan Arne"]
[Black "Wibe, Per H"]
[Result "1-0"]
[WhiteElo "1749"]
[BlackElo "1725"]
[PlyCount "49"]
[EventDate "2009.07.??"]
[EventType "swiss"]
[EventRounds "9"]
[EventCountry "NOR"]
[SourceDate "2009.07.06"]

1. e4 c5 2. Nf3 d6 3. d4 cxd4 4. Nxd4 Nf6 5. Nc3 a6 6. Be2 e5 7. Nf3 Be6 8. Ng5
Be7 9. Nxe6 fxe6 10. Bc4 Qd7 11. a3 O-O 12. Bg5 b5 13. Bb3 Nc6 14. O-O Rac8 15.
f4 exf4 16. Bxf4 Ne8 17. Qg4 Rf6 18. Rad1 Na5 19. e5 Rf5 20. Qxf5 Nxb3 21. Qg4
Na5 22. Bg3 d5 23. Nxd5 Rxc2 24. Qf3 exd5 25. Qf7+ 1-0

[Event "Landsturneringen 2009, Senior A"]
[Site "Bergen"]
[Date "2009.07.04"]
[Round "7"]
[White "Fotland, Hans Chr"]
[Black "Hoen, Ragnar Harald"]
[Result "0-1"]
[WhiteElo "1791"]
[BlackElo "2237"]
[PlyCount "60"]
[EventDate "2009.07.??"]
[EventType "swiss"]
[EventRounds "9"]
[EventCountry "NOR"]
[SourceDate "2009.07.06"]

1. d4 d5 2. c4 e6 3. Nc3 Be7 4. Nf3 c6 5. e3 f5 6. b3 Nf6 7. Bd3 O-O 8. Qc2 Ne4
9. O-O Nd7 10. Ne2 Qe8 11. Ne1 Bd6 12. f3 Nef6 13. g3 c5 14. Ng2 b6 15. Bb2 Bb7
16. Bc3 Rc8 17. Qd2 Qe7 18. Rac1 g6 19. Nef4 dxc4 20. bxc4 e5 21. Ne2 cxd4 22.
exd4 e4 23. fxe4 Nxe4 24. Qe3 Ndf6 25. Bxe4 Bxe4 26. Bb2 Ng4 27. Qd2 Bxg2 28.
Kxg2 Ne3+ 29. Kf2 f4 30. gxf4 Bxf4 0-1

[Event "Landsturneringen 2009, Senior A"]
[Site "Bergen"]
[Date "2009.07.10"]
[Round "7"]
[White "Haug, Kjell M"]
[Black "Skar, Øystein"]
[Result "0-1"]
[WhiteElo "1870"]
[BlackElo "1708"]
[PlyCount "96"]
[EventDate "2009.07.??"]
[EventType "swiss"]
[EventRounds "9"]
[EventCountry "NOR"]
[SourceDate "2009.07.06"]

1. d4 Nf6 2. c4 g6 3. Nc3 Bg7 4. e4 O-O 5. e5 Ne8 6. Nf3 d6 7. Be2 Nd7 8. exd6
cxd6 9. O-O Nb6 10. Be3 Nf6 11. h3 a6 12. Rc1 Bd7 13. b4 Rc8 14. c5 Nbd5 15.
Nxd5 Nxd5 16. a3 Nxe3 17. fxe3 Bh6 18. Rc3 dxc5 19. bxc5 Qa5 20. Qc1 Bb5 21.
Bxb5 axb5 22. Ne5 Rc7 23. Qb2 b6 24. Ng4 Bg7 25. c6 h5 26. Nf2 e5 27. Rb3 exd4
28. exd4 Rxc6 29. Rxb5 Bxd4 30. Qb3 Qc3 31. Qd5 Rc5 32. Rxc5 Qxc5 33. Qxc5 Bxc5
34. Rb1 Ra8 35. Kf1 Rxa3 36. Ne4 Kg7 37. Rc1 Ra5 38. Ke2 f5 39. Ng5 Ra2+ 40.
Kf3 Ra3+ 41. Ke2 Kf6 42. Nh7+ Ke5 43. Ng5 Kf4 44. Ne6+ Kg3 45. Nxc5 bxc5 46.
Rxc5 Ra2+ 47. Kf1 Rf2+ 48. Ke1 Rxg2 0-1

[Event "Landsturneringen 2009, Senior A"]
[Site "Bergen"]
[Date "2009.07.04"]
[Round "7"]
[White "Løvåsdal, Sigmund"]
[Black "Kjølberg, Lars"]
[Result "0-1"]
[WhiteElo "1655"]
[BlackElo "2052"]
[PlyCount "100"]
[EventDate "2009.07.??"]
[EventType "swiss"]
[EventRounds "9"]
[EventCountry "NOR"]
[SourceDate "2009.07.06"]

1. d4 e6 2. g3 f5 3. Bg2 Nf6 4. Bg5 d5 5. Nf3 Bd6 6. Ne5 Nbd7 7. f4 O-O 8. e3
c6 9. Nxd7 Bxd7 10. Bxf6 Qxf6 11. Nd2 b5 12. c3 c5 13. a3 c4 14. Nf3 Rfb8 15.
Qd2 a5 16. O-O Qd8 17. Rfb1 Qb6 18. b4 cxb3 19. Rxb3 a4 20. Rbb1 Qd8 21. Bf1
Qe7 22. Qb2 Ra7 23. Rc1 Rc7 24. Ne1 Be8 25. Be2 g5 26. Nd3 Rbc8 27. Nb4 h5 28.
Bd3 h4 29. Rc2 Qf6 30. Rac1 Rg7 31. Rg2 Rcc7 32. Rcc2 Rb7 33. Qc1 Bh5 34. Qf1
Be8 35. Qf3 Qh6 36. Qf1 g4 37. gxh4 Qxh4 38. Rg3 Qd8 39. Qe1 Be7 40. Rgg2 Bh4
41. Qf1 g3 42. hxg3 Bxg3 43. Qf3 Qh4 44. Be2 Rg4 45. Nxd5 Rbg7 46. Nf6+ Qxf6
47. Qa8 Bh2+ 48. Kf1 Rxg2 49. Qxe8+ Kh7 50. Qh5+ Qh6 0-1

[Event "Landsturneringen 2009, Senior A"]
[Site "Bergen"]
[Date "2009.07.10"]
[Round "7"]
[White "Strand, Øyvin"]
[Black "Strand, Karl W"]
[Result "1/2-1/2"]
[WhiteElo "1756"]
[BlackElo "1944"]
[PlyCount "62"]
[EventDate "2009.07.??"]
[EventType "swiss"]
[EventRounds "9"]
[EventCountry "NOR"]
[SourceDate "2009.07.06"]

1. d4 d5 2. e3 c6 3. Bd3 Nf6 4. Nd2 Bg4 5. f3 Bh5 6. Nh3 Bg6 7. Nf4 Bxd3 8.
Nxd3 e6 9. O-O Nbd7 10. Qe2 c5 11. c3 Rc8 12. f4 Bd6 13. Ne5 Qc7 14. g4 O-O 15.
g5 Ne4 16. Nxe4 dxe4 17. Qg2 f5 18. gxf6 Nxf6 19. Bd2 b6 20. Kh1 Qb7 21. Rf2
Rc7 22. Ng4 Nxg4 23. Qxg4 Qd5 24. b3 Qf5 25. Qe2 cxd4 26. exd4 e5 27. Re1 exf4
28. Qxe4 Qf7 29. Ref1 Qf5 30. Qxf5 Rxf5 31. c4 g5 1/2-1/2

[Event "Landsturneringen 2009, Senior A"]
[Site "Bergen"]
[Date "2009.07.11"]
[Round "8"]
[White "Bue, Gunnar"]
[Black "Haug, Kjell M"]
[Result "1-0"]
[WhiteElo "1585"]
[BlackElo "1870"]
[PlyCount "71"]
[EventDate "2009.07.??"]
[EventType "swiss"]
[EventRounds "9"]
[EventCountry "NOR"]
[SourceDate "2009.07.06"]

1. d4 Nf6 2. c4 g6 3. Nc3 Bg7 4. e4 d6 5. f3 Nbd7 6. Be3 O-O 7. Bd3 c5 8. d5
Ne5 9. Be2 a6 10. Qd2 Ne8 11. Bh6 e6 12. Bxg7 Kxg7 13. f4 Nd7 14. h4 exd5 15.
cxd5 b5 16. g4 b4 17. Nd1 Ndf6 18. Nf2 Nc7 19. g5 Nd7 20. h5 Rh8 21. O-O-O Nb5
22. Nf3 Qa5 23. Kb1 Rb8 24. h6+ Kf8 25. Bxb5 Rxb5 26. Rc1 Nb6 27. Nd4 b3 28.
Nxb3 Qa4 29. Qc3 Rg8 30. Qf6 Ke8 31. Qxd6 Nd7 32. Rxc5 Rxc5 33. Nxc5 Qb5 34.
Rc1 Qb6 35. Qxb6 Nxb6 36. Na4 1-0

[Event "Landsturneringen 2009, Senior A"]
[Site "Bergen"]
[Date "2009.07.11"]
[Round "8"]
[White "Hoen, Ragnar Harald"]
[Black "Strand, Karl W"]
[Result "1-0"]
[WhiteElo "2237"]
[BlackElo "1944"]
[PlyCount "57"]
[EventDate "2009.07.??"]
[EventType "swiss"]
[EventRounds "9"]
[EventCountry "NOR"]
[SourceDate "2009.07.06"]

1. e4 e6 2. d4 d5 3. Nc3 dxe4 4. Nxe4 Nd7 5. Nf3 Ngf6 6. Nxf6+ Nxf6 7. Bd3 b6
8. O-O Bb7 9. Bg5 Be7 10. Qe2 O-O 11. Rad1 Nd5 12. Bd2 Nb4 13. Bxb4 Bxb4 14. c4
Qf6 15. Ne5 Rad8 16. Be4 Bxe4 17. Qxe4 Bd6 18. Nc6 Ra8 19. g3 a5 20. a4 Rfe8
21. Rfe1 g6 22. Rd3 Qf5 23. Qe2 h5 24. Kg2 Qf6 25. h4 Qg7 26. Re3 Rf8 27. Qc2
Bb4 28. R1e2 Bd6 29. c5 1-0

[Event "Landsturneringen 2009, Senior A"]
[Site "Bergen"]
[Date "2009.07.11"]
[Round "8"]
[White "Johanssen, Tom J"]
[Black "Thjømøe, Hans R"]
[Result "1-0"]
[WhiteElo "1910"]
[BlackElo "1713"]
[PlyCount "93"]
[EventDate "2009.07.??"]
[EventType "swiss"]
[EventRounds "9"]
[EventCountry "NOR"]
[SourceDate "2009.07.06"]

1. e4 c5 2. c3 d5 3. exd5 Qxd5 4. d4 cxd4 5. Qxd4 Nf6 6. Nf3 Nc6 7. Qxd5 Nxd5
8. Bc4 Nb6 9. Be2 g6 10. Na3 Bg7 11. O-O O-O 12. Nb5 Bf5 13. Bf4 Na4 14. Nh4
Nxb2 15. Nxf5 gxf5 16. Rab1 Na4 17. Bd1 Nc5 18. Be3 Nd3 19. Be2 f4 20. Bd2 Rad8
21. Bxd3 Rxd3 22. Bxf4 a6 23. Nc7 Rxc3 24. Rxb7 Ra3 25. Nd5 e5 26. Be3 Rd8 27.
Rd1 Nd4 28. h4 Rxa2 29. Kh1 h6 30. Ne7+ Kf8 31. Nf5 a5 32. Bxh6 Bxh6 33. Nxh6
Rxf2 34. Ra1 Rf4 35. g3 Rf2 36. Kg1 Rf6 37. Ng4 Nf3+ 38. Kg2 Rd2+ 39. Kh3 Ra6
40. Rf1 e4 41. Ne3 Ra8 42. Rc1 Rd6 43. Rcc7 Ne5 44. Ng4 Ng6 45. Rxf7+ Ke8 46.
h5 Nh8 47. Rh7 1-0

[Event "Landsturneringen 2009, Senior A"]
[Site "Bergen"]
[Date "2009.07.04"]
[Round "8"]
[White "Kjølberg, Lars"]
[Black "Birkestrand, Odd"]
[Result "1-0"]
[WhiteElo "2052"]
[BlackElo "1835"]
[PlyCount "62"]
[EventDate "2009.07.??"]
[EventType "swiss"]
[EventRounds "9"]
[EventCountry "NOR"]
[SourceDate "2009.07.06"]

1. d4 Nf6 2. c4 c5 3. d5 b5 4. Nf3 g6 5. cxb5 a6 6. b6 Qxb6 7. Nc3 d6 8. e4 Bg7
9. Nd2 O-O 10. Nc4 Qc7 11. Be2 Bb7 12. a4 Nbd7 13. a5 Rfd8 14. Bf4 h6 15. O-O
Rab8 16. Qd2 Kh7 17. Bg3 Nh5 18. Bxh5 gxh5 19. Qe2 Nf6 20. h3 Ne8 21. Qxh5 e6
22. Rad1 Nf6 23. Qe2 exd5 24. exd5 Kh8 25. Qf3 Rd7 26. Nb6 Re7 27. Bh4 Ng8 28.
Bxe7 Qxe7 29. Rfe1 Qg5 30. Qxf7 Bd4 31. Ne4 Bc8 1-0

[Event "Landsturneringen 2009, Senior A"]
[Site "Bergen"]
[Date "2009.07.11"]
[Round "8"]
[White "Skar, Øystein"]
[Black "Ulrichsen, Jarl H"]
[Result "1/2-1/2"]
[WhiteElo "1708"]
[BlackElo "2154"]
[PlyCount "35"]
[EventDate "2009.07.??"]
[EventType "swiss"]
[EventRounds "9"]
[EventCountry "NOR"]
[SourceDate "2009.07.06"]

1. e4 c5 2. Nf3 Nc6 3. d4 cxd4 4. Nxd4 g6 5. c4 Bg7 6. Be3 Nf6 7. Nc3 Ng4 8.
Qxg4 Nxd4 9. Qd1 Ne6 10. Qd2 Qa5 11. Rc1 b6 12. Be2 Bb7 13. f3 d6 14. O-O f5
15. exf5 Qxf5 16. Nd5 Qf7 17. f4 O-O 18. Bg4 1/2-1/2

[Event "Landsturneringen 2009, Senior A"]
[Site "Bergen"]
[Date "2009.07.11"]
[Round "8"]
[White "Svenske, Jan"]
[Black "Strand, Øyvin"]
[Result "0-1"]
[WhiteElo "1732"]
[BlackElo "1756"]
[PlyCount "119"]
[EventDate "2009.07.??"]
[EventType "swiss"]
[EventRounds "9"]
[EventCountry "NOR"]
[SourceDate "2009.07.06"]

1. Nf3 d5 2. g3 e6 3. Bg2 Bd6 4. O-O f5 5. d3 Nf6 6. Nbd2 e5 7. e4 O-O 8. Re1
fxe4 9. dxe4 d4 10. Nc4 Qe7 11. h3 c5 12. Nxd6 Qxd6 13. c3 Nc6 14. cxd4 cxd4
15. Bd2 Be6 16. Ng5 Bf7 17. f4 Nd7 18. Bf1 Kh8 19. Nxf7+ Rxf7 20. Qb3 Rf6 21.
f5 b6 22. Rac1 Nc5 23. Qb5 d3 24. Re3 Nd4 25. Qc4 Nc2 26. Rf3 b5 27. Qd5 Qxd5
28. exd5 e4 29. Rf4 Re8 30. b4 Nb7 31. Bc3 Rd6 32. Rg4 Re7 33. Kh2 Ra6 34. h4
Nd8 35. h5 Rd6 36. Bg2 e3 37. f6 gxf6 38. Rf4 Rf7 39. h6 d2 40. Bxd2 exd2 41.
Rd1 Ne3 42. Rxd2 Nxg2 43. Kxg2 Kg8 44. Re4 Rfd7 45. Rg4+ Kf8 46. Rf2 Rf7 47.
Rf5 Rc7 48. Kh3 Nf7 49. Rg7 Rc1 50. Rxh7 Rh1+ 51. Kg2 Rxh6 52. Rxh6 Nxh6 53.
Rh5 Kg7 54. Kf3 Kg6 55. g4 f5 56. Kf4 Rxd5 57. Rh3 fxg4 58. Ra3 Rd4+ 59. Ke5
Rxb4 60. Rxa7 0-1

[Event "Landsturneringen 2009, Senior A"]
[Site "Bergen"]
[Date "2009.07.12"]
[Round "9"]
[White "Skar, Øystein"]
[Black "Hoen, Ragnar Harald"]
[Result "0-1"]
[WhiteElo "1708"]
[BlackElo "2237"]
[PlyCount "72"]
[EventDate "2009.07.??"]
[EventType "swiss"]
[EventRounds "9"]
[EventCountry "NOR"]
[SourceDate "2009.07.06"]

1. e4 e5 2. Nf3 Nf6 3. Nxe5 d6 4. Nf3 Nxe4 5. Nc3 Nf6 6. Be2 Be7 7. O-O O-O 8.
d4 d5 9. Bf4 c6 10. Ne5 Nbd7 11. Re1 Re8 12. Bd3 Nf8 13. a3 Ng6 14. Bg3 Bf8 15.
Nxg6 hxg6 16. Rxe8 Qxe8 17. Qd2 Qd8 18. Ne2 Bd7 19. c3 c5 20. dxc5 Bxc5 21. Nf4
Ba4 22. Re1 Ne4 23. Qe2 Nxg3 24. hxg3 Qd6 25. Qe5 Re8 26. Qxe8+ Bxe8 27. Rxe8+
Kh7 28. b4 Bb6 29. a4 Bd8 30. Bc2 d4 31. cxd4 Qxd4 32. Bb3 g5 33. Bc2+ g6 34.
Nh3 g4 35. Nf4 Bb6 36. Bb3 Qxf2+ 0-1

[Event "Landsturneringen 2009, Senior A"]
[Site "Bergen"]
[Date "2009.07.12"]
[Round "9"]
[White "Strand, Karl W"]
[Black "Ovesen, Karsten"]
[Result "1-0"]
[WhiteElo "1944"]
[BlackElo "1769"]
[PlyCount "78"]
[EventDate "2009.07.??"]
[EventType "swiss"]
[EventRounds "9"]
[EventCountry "NOR"]
[SourceDate "2009.07.06"]

1. e4 c6 2. d4 d5 3. exd5 cxd5 4. Bd3 Nf6 5. c3 e6 6. Bg5 Nbd7 7. Nd2 Bd6 8.
Ne2 a6 9. Bf4 Bxf4 10. Nxf4 Qc7 11. Nh5 Nxh5 12. Qxh5 Nf6 13. Qe2 b5 14. Rc1
Bb7 15. O-O O-O 16. Rfe1 Qf4 17. g3 Qd6 18. a3 Rac8 19. Nb3 Rc7 20. Nc5 Re8 21.
Nxb7 Rxb7 22. f4 Rc7 23. Qf3 Qb6 24. g4 Nd7 25. Re3 Nf8 26. Rce1 Qd6 27. Re5
Rce7 28. R5e3 Qc7 29. Qf2 Qd8 30. Rh3 g6 31. g5 Qb6 32. Ree3 Qb7 33. Rh6 f5 34.
gxf6 Rf7 35. Qh4 Qd7 36. Rg3 Qd8 37. Bxg6 Nxg6 38. Rhxg6+ Kh8 39. Rg7 Rg8 1-0

[Event "Landsturneringen 2009, Senior A"]
[Site "Bergen"]
[Date "2009.07.12"]
[Round "9"]
[White "Strand, Øyvin"]
[Black "Bue, Gunnar"]
[Result "1/2-1/2"]
[WhiteElo "1756"]
[BlackElo "1585"]
[PlyCount "76"]
[EventDate "2009.07.??"]
[EventType "swiss"]
[EventRounds "9"]
[EventCountry "NOR"]
[SourceDate "2009.07.06"]

1. d4 Nf6 2. e3 d5 3. Bd3 e6 4. f4 c5 5. c3 cxd4 6. exd4 b6 7. Nd2 Bd6 8. Nh3
O-O 9. O-O Ba6 10. Bxa6 Nxa6 11. Qe2 Nc7 12. g4 h6 13. Rf2 Nh7 14. Nf3 Ne8 15.
Rg2 Rc8 16. g5 hxg5 17. fxg5 g6 18. Nf4 Bxf4 19. Bxf4 Ng7 20. Rf1 Qe8 21. Bd6
f5 22. Bxf8 Nxf8 23. Ne5 Nd7 24. Rf3 Nxe5 25. Qxe5 Qe7 26. Qf6 Qf7 27. Re3 Re8
28. Rge2 Nh5 29. Qxf7+ Kxf7 30. Kf2 Ng7 31. Rh3 Nh5 32. Kf3 b5 33. b3 Rc8 34.
Rc2 a5 35. Rxh5 gxh5 36. Kf4 h4 37. h3 Rc6 38. Ke5 Kg6 1/2-1/2

[Event "Landsturneringen 2009, Senior A"]
[Site "Bergen"]
[Date "2009.07.12"]
[Round "9"]
[White "Ulrichsen, Jarl H"]
[Black "Løvåsdal, Sigmund"]
[Result "1-0"]
[WhiteElo "2154"]
[BlackElo "1655"]
[PlyCount "131"]
[EventDate "2009.07.??"]
[EventType "swiss"]
[EventRounds "9"]
[EventCountry "NOR"]
[SourceDate "2009.07.06"]

1. d4 Nf6 2. Nf3 d5 3. c4 c6 4. Nc3 e6 5. e3 Nbd7 6. Bd3 Be7 7. O-O O-O 8. Bd2
Re8 9. Rc1 Nf8 10. Ne5 Bd7 11. c5 b6 12. b4 b5 13. a4 a6 14. Ra1 Qc7 15. Qc2
Ra7 16. Ra2 Rea8 17. Rfa1 Ne8 18. f4 f5 19. g4 g6 20. g5 Ng7 21. Ne2 Be8 22.
Ra3 Nd7 23. Qa2 Nb8 24. axb5 cxb5 25. Nc3 Qb7 26. Be2 Kf8 27. Bf3 Bc6 28. Ne2
Nd7 29. Nxc6 Qxc6 30. Nc3 Nb8 31. Be2 Rb7 32. Ra5 Bd8 33. Rxb5 Rxb5 34. Nxb5
Ne8 35. Nc3 Nc7 36. Qa4 Qb7 37. Ra2 Nc6 38. Nd1 Kg7 39. Kg2 h6 40. h4 hxg5 41.
hxg5 Be7 42. Nf2 Kf7 43. Nd1 Kg7 44. Nb2 Kf7 45. Qa3 Nb5 46. Qd3 Rh8 47. Ra1
Nc7 48. Qa3 Ra8 49. Na4 Nb5 50. Qb2 Rh8 51. Nc3 Nc7 52. Na4 Nb8 53. Rh1 Rxh1
54. Kxh1 Nd7 55. Nc3 Nxc5 56. dxc5 d4+ 57. Kg1 dxc3 58. Qxc3 Qd5 59. Qd3 Nb5
60. Be1 Bf8 61. Qxd5 exd5 62. Bxb5 axb5 63. Bc3 Ke8 64. Bf6 Kd7 65. Kf2 Kc6 66.
Ke2 1-0

[Event "Landsturneringen 2009, Senior B"]
[Site "Bergen"]
[Date "2009.07.07"]
[Round "4"]
[White "Brix, Jan"]
[Black "Lindsjørn, Trygve"]
[Result "0-1"]
[WhiteElo "1419"]
[BlackElo "1400"]
[PlyCount "92"]
[EventDate "2009.07.??"]
[EventType "swiss"]
[EventRounds "9"]
[EventCountry "NOR"]
[SourceDate "2009.07.06"]

1. d4 d5 2. c4 c6 3. Nc3 Nf6 4. Nf3 e6 5. e3 Nbd7 6. Bd3 Bb4 7. O-O O-O 8. Qc2
dxc4 9. Bxc4 Qc7 10. Bd3 Bd6 11. e4 e5 12. dxe5 Nxe5 13. Nxe5 Bxe5 14. f4 Bd4+
15. Kh1 Bxc3 16. Qxc3 Re8 17. Qc2 h6 18. Rf3 Bg4 19. Rg3 Bd7 20. f5 Bxf5 21.
Bxh6 Nh5 22. Rg5 Bg6 23. Bc4 Kh7 24. Bxg7 Nxg7 25. Qf2 Rxe4 26. Bd3 Qf4 27. Qc5
Ne6 28. Rh5+ Kg8 29. Qc2 Bxh5 30. Bxe4 Rd8 31. Bd3 Qg5 32. Rf1 Bg6 33. Bxg6
Qxg6 34. Qa4 Rd2 35. g3 Nc5 36. Qf4 Qe4+ 37. Qxe4 Nxe4 38. Re1 Nf2+ 39. Kg1
Nh3+ 40. Kh1 Kf8 41. Rb1 c5 42. a4 Ng5 43. Rf1 Rxb2 44. h4 Ne4 45. Rf3 c4 46.
Rf4 Nxg3+ 0-1

[Event "Landsturneringen 2009, Senior B"]
[Site "Bergen"]
[Date "2009.07.07"]
[Round "4"]
[White "Esbensen, Hans Fredrik"]
[Black "Bratteteig, Tore-Inge"]
[Result "1/2-1/2"]
[WhiteElo "1424"]
[BlackElo "1309"]
[PlyCount "63"]
[EventDate "2009.07.??"]
[EventType "swiss"]
[EventRounds "9"]
[EventCountry "NOR"]
[SourceDate "2009.07.06"]

1. Nf3 Nf6 2. d4 d5 3. e3 e6 4. c4 c6 5. Nc3 Bd6 6. Be2 Nbd7 7. O-O O-O 8. b3
Qe7 9. cxd5 exd5 10. a4 a5 11. Qc2 Re8 12. Ne1 Nf8 13. f4 Bg4 14. Nd3 Bf5 15.
Qd1 Bxd3 16. Bxd3 Bb4 17. Na2 Bd6 18. Rf3 Ne4 19. Rh3 f5 20. Bxe4 Qxe4 21. Nc3
Qe6 22. Bd2 Bb4 23. Rc1 g6 24. Be1 Nd7 25. Bf2 Nf6 26. Qd3 Bxc3 27. Rxc3 Ne4
28. Rc2 Nxf2 29. Rxf2 Qd6 30. Rg3 Kf7 31. h4 h5 32. Rg5 1/2-1/2

[Event "Landsturneringen 2009, Senior B"]
[Site "Bergen"]
[Date "2009.07.07"]
[Round "4"]
[White "Kirkebø, Bernt"]
[Black "Simonsen, Steinar"]
[Result "0-1"]
[WhiteElo "1490"]
[BlackElo "1369"]
[PlyCount "58"]
[EventDate "2009.07.??"]
[EventType "swiss"]
[EventRounds "9"]
[EventCountry "NOR"]
[SourceDate "2009.07.06"]

1. e4 e6 2. d4 d5 3. Nc3 Nf6 4. e5 Nfd7 5. Be3 c5 6. f4 Nc6 7. Nf3 Qb6 8. Rb1
Be7 9. Be2 O-O 10. Na4 Qa5+ 11. c3 c4 12. O-O f6 13. b4 cxb3 14. Qxb3 Qc7 15.
Qc2 a6 16. Bd3 f5 17. g4 b5 18. gxf5 exf5 19. Nc5 Nxc5 20. dxc5 Nd8 21. Nd4
Bxc5 22. Kh1 g6 23. Qg2 Bxd4 24. Qxd5+ Rf7 25. Qxd4 Rd7 26. Qb4 Rxd3 27. Bd4
Qc6+ 28. Kg1 Bb7 29. Qb3+ Ne6 0-1

[Event "Landsturneringen 2009, Senior B"]
[Site "Bergen"]
[Date "2009.07.07"]
[Round "4"]
[White "Narvøy, Tore"]
[Black "Smedtorp, Klaus"]
[Result "1-0"]
[WhiteElo "1421"]
[BlackElo "1194"]
[PlyCount "51"]
[EventDate "2009.07.??"]
[EventType "swiss"]
[EventRounds "9"]
[EventCountry "NOR"]
[SourceDate "2009.07.06"]

1. d4 Nf6 2. c4 e6 3. Nc3 d5 4. e3 Be7 5. Nf3 dxc4 6. Bxc4 c6 7. O-O O-O 8. Qc2
Nbd7 9. Rd1 Nd5 10. e4 Nxc3 11. bxc3 Kh8 12. Bf4 Nb6 13. Bb3 f5 14. c4 Qe8 15.
e5 h6 16. Rd3 Bd7 17. a4 a5 18. Rad1 c5 19. dxc5 Bxa4 20. cxb6 Bc6 21. Nd4 Bc5
22. Nxc6 Qxc6 23. Rh3 Qxb6 24. Bxh6 gxh6 25. Qd2 f4 26. Qd7 1-0

[Event "Landsturneringen 2009, Junior"]
[Site "Bergen"]
[Date "2009.07.04"]
[Round "1"]
[White "Arvola, Benjamin"]
[Black "Carlsen, Ellen Øen"]
[Result "1-0"]
[WhiteElo "2141"]
[BlackElo "1782"]
[PlyCount "53"]
[EventDate "2009.07.??"]
[EventType "swiss"]
[EventRounds "9"]
[EventCountry "NOR"]
[SourceDate "2009.07.06"]

1. d4 Nf6 2. c4 e6 3. Nf3 d5 4. Nc3 Be7 5. Bg5 O-O 6. e3 Nbd7 7. Rc1 b6 8. cxd5
exd5 9. Bd3 h6 10. Bh4 Bb7 11. O-O Rc8 12. Nb5 c5 13. dxc5 bxc5 14. Bg3 Ne4 15.
Bxe4 dxe4 16. Ne5 Nxe5 17. Bxe5 Qb6 18. Nc3 Bf6 19. Na4 Qe6 20. Bxf6 Qxf6 21.
Nxc5 Bc6 22. b3 Rfd8 23. Qg4 Qe5 24. Rfd1 Rxd1+ 25. Qxd1 Bd7 26. Qd4 Qe7 27. h3
1-0

[Event "Landsturneringen 2009, Junior"]
[Site "Bergen"]
[Date "2009.07.04"]
[Round "1"]
[White "DeMac, Elias"]
[Black "Valle, Tony"]
[Result "1-0"]
[WhiteElo "2118"]
[BlackElo "1035"]
[PlyCount "51"]
[EventDate "2009.07.??"]
[EventType "swiss"]
[EventRounds "9"]
[EventCountry "NOR"]
[SourceDate "2009.07.06"]

1. d4 d5 2. c4 e6 3. Nf3 Nc6 4. Nc3 Nf6 5. Bg5 Be7 6. e3 O-O 7. a3 a5 8. Qc2 b6
9. cxd5 exd5 10. Nb5 Bd7 11. Bd3 h6 12. Bf4 Rc8 13. h3 Bd6 14. Nxd6 cxd6 15.
Qe2 Ne4 16. Nd2 Re8 17. Nxe4 dxe4 18. Ba6 Ra8 19. Rc1 Qf6 20. Bg3 Nxd4 21. exd4
e3 22. f3 Qg5 23. Bxd6 Rxa6 24. h4 Qd5 25. Qxa6 Bb5 26. Qxb6 {Tid} 1-0

[Event "Landsturneringen 2009, Junior"]
[Site "Bergen"]
[Date "2009.07.04"]
[Round "1"]
[White "Haugstad, Espen"]
[Black "Haug, Marianne Wold"]
[Result "0-1"]
[WhiteElo "2156"]
[BlackElo "1975"]
[PlyCount "138"]
[EventDate "2009.07.??"]
[EventType "swiss"]
[EventRounds "9"]
[EventCountry "NOR"]
[SourceDate "2009.07.06"]

1. e4 e5 2. Nf3 Nc6 3. Bb5 a6 4. Ba4 Nf6 5. O-O b5 6. Bb3 Be7 7. Re1 d6 8. c3
O-O 9. h3 Na5 10. Bc2 c5 11. d4 Qc7 12. Nbd2 Nc6 13. Nb3 a5 14. Be3 a4 15. Nbd2
Re8 16. Qe2 Bd7 17. Nf1 h6 18. Ng3 Bf8 19. Rad1 g6 20. d5 Na5 21. Nh2 Nc4 22.
Bc1 Bg7 23. Bd3 Reb8 24. Bxc4 bxc4 25. a3 Rb3 26. Nhf1 Rab8 27. Nd2 R3b7 28.
Rf1 h5 29. Qe3 h4 30. Ne2 Nh5 31. Nxc4 Bb5 32. Nd2 Kh7 33. c4 Bh6 34. Qf3 Bxd2
35. Bxd2 Bxc4 36. Bc1 Nf4 37. Bxf4 exf4 38. Rfe1 Bxe2 39. Rxe2 Rxb2 40. Rxb2
Rxb2 41. Rd3 c4 42. Rd1 c3 43. Rc1 c2 44. Qd3 Qc5 45. e5 dxe5 46. d6 Rb1 47.
Rxb1 cxb1=Q+ 48. Qxb1 Qxd6 49. Qb7 Kg7 50. Qb5 Qd4 51. Qb8 Qe4 52. Kf1 Qc4+ 53.
Ke1 Qc1+ 54. Ke2 Qc2+ 55. Ke1 Qc3+ 56. Ke2 Qd4 57. Ke1 Kf6 58. Qh8+ Kf5 59.
Qxh4 Qc3+ 60. Ke2 Qxa3 61. Qd8 Qa2+ 62. Ke1 Qa1+ 63. Ke2 Qb2+ 64. Ke1 a3 65.
Qc8+ Kf6 66. Qh8+ Ke7 67. Qh4+ Kd7 68. Qg4+ Kc7 69. Qg5 Qc1+ 0-1

[Event "Landsturneringen 2009, Junior"]
[Site "Bergen"]
[Date "2009.07.04"]
[Round "1"]
[White "Madland, Kristoffer"]
[Black "Getz, Nicolai"]
[Result "1/2-1/2"]
[WhiteElo "1964"]
[BlackElo "2191"]
[PlyCount "89"]
[EventDate "2009.07.??"]
[EventType "swiss"]
[EventRounds "9"]
[EventCountry "NOR"]
[SourceDate "2009.07.06"]

1. d4 Nf6 2. Bg5 d5 3. Bxf6 exf6 4. e3 c6 5. Nc3 f5 6. Qd2 Nd7 7. Bd3 Nf6 8. f3
g6 9. O-O-O Bh6 10. Nh3 Nh5 11. Nf4 Nxf4 12. exf4 Be6 13. Rde1 Qd6 14. Ne2
O-O-O 15. Kb1 Kb8 16. Rhg1 Rhg8 17. g4 fxg4 18. fxg4 f5 19. g5 Bg7 20. h4 Bf7
21. Rgf1 Rge8 22. c3 Re7 23. Ng1 Rde8 24. Nf3 Rxe1+ 25. Rxe1 Rh8 26. Ne5 Be8
27. Bc2 h6 28. Qg2 hxg5 29. hxg5 Qf8 30. Rh1 Rxh1+ 31. Qxh1 Qh8 32. Qxh8 Bxh8
33. Kc1 Bxe5 34. fxe5 Bd7 35. Kd2 Be6 36. Ke3 Kc7 37. Kf4 Kd7 38. Bd3 Kc7 39.
Bc2 Kd7 40. Bd1 Kc7 41. Be2 Kd7 42. b3 b5 43. Bd3 Kc7 44. Ke3 Kd7 45. b4
1/2-1/2

[Event "Landsturneringen 2009, Junior"]
[Site "Bergen"]
[Date "2009.07.04"]
[Round "1"]
[White "Nilsen, Joachim B"]
[Black "Tjølsen, Katrine"]
[Result "0-1"]
[WhiteElo "2013"]
[BlackElo "2138"]
[PlyCount "88"]
[EventDate "2009.07.??"]
[EventType "swiss"]
[EventRounds "9"]
[EventCountry "NOR"]
[SourceDate "2009.07.06"]

1. e4 c5 2. Nf3 Nc6 3. Bb5 Nf6 4. e5 Nd5 5. Nc3 Nc7 6. Bxc6 dxc6 7. h3 g6 8.
O-O Bg7 9. d3 O-O 10. Re1 Ne6 11. Ne4 b6 12. Qe2 Nd4 13. Nxd4 cxd4 14. Bf4 c5
15. Qf3 Qd7 16. Qg3 Qd5 17. h4 h6 18. a3 Bb7 19. e6 Kh7 20. Nd2 f6 21. Nf3 Rac8
22. Re2 Qh5 23. Kf1 Bd5 24. c4 dxc3 25. bxc3 Rc6 26. Rae1 Bxf3 27. Qxf3 Qxf3
28. gxf3 Rd8 29. Rd1 Rd5 30. a4 g5 31. Bc1 Kg6 32. f4 g4 33. Kg2 f5 34. c4 Rdd6
35. a5 Rxe6 36. Be3 Bf6 37. axb6 axb6 38. Kg3 Red6 39. Ra2 Rd7 40. Ra6 Kh5 41.
Rb1 Rdd6 42. Rb3 Bxh4+ 43. Kg2 Bf6 44. Ra8 Kg6 0-1